|
|
|
|
| LEADER |
00000nkm a2200000 a 4500 |
| 001 |
vtls010488350 |
| 003 |
SK-MaSNL |
| 005 |
20260331205711.0 |
| 007 |
kf cou |
| 008 |
231206s2000 xo kuslo |
| 015 |
|
|
|a SNBG2013
|
| 035 |
|
|
|a 00D3CE26-6782-4983-8B92-D023ED63CB21
|
| 035 |
|
|
|a urn:nbn:sk:snk-kmxvz0
|
| 035 |
|
|
|a urn:nbn:sk:snk-km004b1c
|
| 040 |
|
|
|a SNK
|b slo
|c SNK
|e AACR2
|
| 041 |
0 |
|
|a slo
|
| 043 |
|
|
|a e-xo---
|
| 044 |
|
|
|a xo
|c SK
|
| 080 |
|
|
|a 908(437.6)
|2 2001
|
| 080 |
|
|
|a (089.7)
|2 2001
|
| 080 |
|
|
|a (234.321.2)
|2 2001
|
| 080 |
|
|
|a 728.61
|2 2001
|
| 080 |
|
|
|a (437.6)
|2 2001
|
| 100 |
1 |
|
|a Bohuš, Ivan,
|d 1957-
|4 pht
|9 80008
|
| 245 |
1 |
0 |
|a Téryho chata 2015 m n.m.
|h grafika
|b Téryho chata v Malej Studenej doline
|c foto: I. Bohuš
|
| 260 |
|
|
|a Tatranská Lomnica
|b Vydavateľstvo I&B
|c [2000]
|
| 300 |
|
|
|a 1 pohľadnica
|b fareb.
|c 11 x 15 cm
|
| 520 |
8 |
|
|a Zobrazenie: Fotografia Téryho chaty
|
| 610 |
2 |
7 |
|a Téryho chata (Vysoké Tatry, Slovensko)
|2 SNKPH
|9 54573
|
| 650 |
0 |
7 |
|a chaty
|2 SNKPH
|9 29339
|
| 651 |
|
7 |
|a Vysoké Tatry (Poľsko a Slovensko : pohorie)
|2 SNKPHgeo
|9 67729
|
| 655 |
|
7 |
|a geografické pohľadnice
|2 SNKPH
|9 70522
|
| 852 |
|
|
|a Slovenská národná knižnica
|
| 958 |
|
|
|a GC
|
| 958 |
|
|
|a GBN
|
| 958 |
|
|
|a OND
|
| 999 |
|
|
|c 580472
|d 582402
|
| 952 |
|
|
|a SNK
|b SNK
|y PREZ
|7 0
|p 17A1062452
|o snkSP 152188
|i snk2013/2807
|8 1
|0 0
|1 0
|4 0
|d 2013-02-06
|f 1
|l 0
|r 2026-02-23 14:48:53
|w 2026-02-23
|